JESUS. CULTURA E ATTUALITÀ CRISTIANA. NOVEMBRE 1993. CHIARA E AMOR PASSIONALE PER CRISTO. PIANTICELLA DI FRANCESCO. (Record n. 335485)
[ formato base ]
| 000 -LEADER | |
|---|---|
| fixed length control field | 02138nas a2200277Ia 4500 |
| 001 - CONTROL NUMBER | |
| control field | R053-S7940 |
| 003 - CONTROL NUMBER IDENTIFIER | |
| control field | IT-CnALBA |
| 008 - FIXED-LENGTH DATA ELEMENTS--GENERAL INFORMATION | |
| fixed length control field | 170116c99999999xx |||||||||||| ||und|| |
| 040 ## - CATALOGING SOURCE | |
| Original cataloging agency | IT-CnALBA |
| Transcribing agency | IT-CnALBA |
| 041 ## - LANGUAGE CODE | |
| Language code of text/sound track or separate title | ITALIANO |
| 999 ## - SYSTEM CONTROL NUMBERS (KOHA) | |
| Koha Dewey Subclass [OBSOLETE] | NO |
| 100 ## - MAIN ENTRY--PERSONAL NAME | |
| Personal name | VOLPINI VALERIO |
| 210 ## - ABBREVIATED TITLE | |
| Abbreviated title | JESUS |
| 222 ## - KEY TITLE | |
| Key title | JESUS |
| 245 #0 - TITLE STATEMENT | |
| Title | JESUS. CULTURA E ATTUALITÀ CRISTIANA. NOVEMBRE 1993. CHIARA E AMOR PASSIONALE PER CRISTO. PIANTICELLA DI FRANCESCO. |
| 250 ## - EDITION STATEMENT | |
| Edition statement | 1a ed. |
| 260 ## - PUBLICATION, DISTRIBUTION, ETC. (IMPRINT) | |
| Place of publication, distribution, etc. | CINISELLO BALSAMO (MI) |
| Name of publisher, distributor, etc. | PERIODICI SAN PAOLO ED. |
| Date of publication, distribution, etc. | 1993 [1° Ed.:1993 - Ed.Ling.Originale: 1993] |
| 300 ## - PHYSICAL DESCRIPTION | |
| Extent | 148 p. |
| 310 ## - CURRENT PUBLICATION FREQUENCY | |
| Current publication frequency | MENSILE |
| 362 ## - DATES OF PUBLICATION AND/OR SEQUENTIAL DESIGNATION | |
| Dates of publication and/or sequential designation | Fascicolo: 11 / Anno: 15 (1993) |
| 500 ## - GENERAL NOTE | |
| General note | VITA DI SANTA CHIARA. VITA REGOLA SCRITTI. CLARISSE OGGI. CHIARA DONNA DI ASSISI IN LIBERTÀ. LO SPIRITO DI CHIARA. IL FASCINO DELLA SUA RADICALITA'. UN ANNO PER CHIARA. CHIARA DONNA NUOVA, FABBRETTI N. PER PENITENZA UNA ONCIA DI PANE. DI FRONTE AI SARACENI. GLI ULTIMI CONSIGLI PRATICI. PANEGIRICO DI UNA SANTA. ABBADESSA. I SEGNI DELLA CONSACRAZIONE. TEMTI E LUOGHI DI CHIARA E FRANCESCO. FRATERNITÀ E SORORITA'. CHIARA E LE CLARISSE NEL MONDO. S. DAMIANO. LA CLAUSURA. CORTONA ASSISI MILANO CAMPOSAMPIERO ALGHERO GRATE SOLO APPARENTI. VICOFORTE. MONASTERI IN ITALIA. CASE GENERALIZIE. MOVIMENTO RELIGIOSE FRANCESCANE. |
| 501 ## - WITH NOTE | |
| With note | Società San Paolo EM - Piazza San Paolo, 14 - 12051 ALBA (CN) (non commercial uses only) ® Copyright 2017 |
| 520 ## - SUMMARY, ETC. | |
| Summary, etc. | VITA DI SANTA CHIARA. VITA REGOLA SCRITTI. CLARISSE OGGI. CHIARA DONNA DI ASSISI IN LIBERTÀ. LO SPIRITO DI CHIARA. IL FASCINO DELLA SUA RADICALITA'. UN ANNO PER CHIARA. CHIARA DONNA NUOVA, FABBRETTI N. PER PENITENZA UNA ONCIA DI PANE. DI FRONTE AI SARACENI. GLI ULTIMI CONSIGLI PRATICI. PANEGIRICO DI UNA SANTA. ABBADESSA. I SEGNI DELLA CONSACRAZIONE. TEMTI E LUOGHI DI CHIARA E FRANCESCO. FRATERNITÀ E SORORITA'. CHIARA E LE CLARISSE NEL MONDO. S. DAMIANO. LA CLAUSURA. CORTONA ASSISI MILANO CAMPOSAMPIERO ALGHERO GRATE SOLO APPARENTI. VICOFORTE. MONASTERI IN ITALIA. CASE GENERALIZIE. MOVIMENTO RELIGIOSE FRANCESCANE. |
| 650 ## - SUBJECT ADDED ENTRY--TOPICAL TERM | |
| Topical term or geographic name as entry element | SCIENZE UMANE E RELIGIOSE |
| 942 ## - ADDED ENTRY ELEMENTS (KOHA) | |
| Koha item type | RIVISTA |
| 957 ## - | |
| -- | 1 |
| 999 ## - SYSTEM CONTROL NUMBERS (KOHA) | |
| -- | 1 |
| Withdrawn status | Lost status | Damaged status | Not for loan | Home library | Current library | Date acquired | Total Checkouts | Full call number | Date last seen | Price effective from | Koha item type | Public note |
|---|---|---|---|---|---|---|---|---|---|---|---|---|
| Buone Condizioni | Not For Loan | ALBA - Biblioteca | ALBA - Biblioteca | 16/01/2017 | R053-S7940 | 16/01/2017 | 16/01/2017 | RIVISTA | (data import: 16 gennaio 2017) - By Epidotti, Vaglietti. |